000 02014nam a2200493Ii 4500
001 DIGUAH0027
003 NyNyDIG
006 m o d
007 cr |||||||||||
008 220513s2009 cl ob 000 0 spa d
035 _a(OCoLC)1335132160
040 _aDGITA
_beng
_erda
_epn
_cDGITA
020 _a9789568421922
_qeBook
_qpdf
020 _z9789568421342
041 1 _aspa
_heng
050 1 4 _aHM24 ebook
082 0 4 _a301.01
100 1 _aArcher, Margaret Scotford,
_eauthor.
240 1 0 _aRealist social theory.
_lSpanish
_s(Chernilo)
245 1 0 _aTeoria social realista :
_bel enfoque morfogenético /
_cMargaret S. Archer ; traducción, Daniel Chernilo.
264 1 _aSantiago de Chile :
_bEdiciones Universidad Alberto Hurtado,
_c[2009]
300 _a1 online resource.
336 _atext
_btxt
_2rdacontent
337 _acomputer
_bc
_2rdamedia
338 _aonline resource
_bcr
_2rdacarrier
347 _atext file
_2rdaft
347 _bPDF
490 1 _aColección Sociología : personas, organizaciones, sociedad
504 _aIncludes bibliographical references.
588 0 _aOnline resource; title from PDF title page (Digitalia, viewed May 13, 2022)
650 0 _aSociology
_xPhilosophy.
650 0 _aSocial structure.
650 0 _aRealism.
655 0 _aElectronic books.
700 1 _aChernilo, Daniel,
_etranslator.
700 1 _iTranslation of:
_aArcher, Margaret Scotford.
_tRealist social theory.
791 2 _aDigitalia (Firm),
_edistributor.
793 0 _gDigitalia eBook Collection:
_aEdiciones Universidad Alberto Hurtado
776 0 8 _iPrint version:
_aArcher, Margaret Scotford.
_sRealist social theory. Spanish (Chernilo).
_tTeoría social realista.
_dSantiago de Chile : Ediciones Universidad Alberto Hurtado, [2009]
_z9789568421342
830 0 _aColección Sociología (Ediciones Universidad Alberto Hurtado)
856 4 0 _3Digitalia Hispánica
_uhttps://www.digitaliapublishing.com/a/23710/
910 _aPremium collection: 2022
942 _cRAA
999 _c237867
_d237867